| 000 | 00994nam a2200265 i 4500 | ||
|---|---|---|---|
| 001 | 156561 | ||
| 003 | ES-MaACL | ||
| 005 | 20240522063054.0 | ||
| 008 | 040802q18501870fr a |||| | fre d | ||
| 040 |
_aCAM _bspa _cCAM |
||
| 100 | 1 |
_aKarr, Alphonse, _d1808-1890 _9128426 |
|
| 245 | 1 | 0 |
_aFeu Bressier / _cpar Alphonse Karr. |
| 260 |
_aParis : _bG\pue\s Barba, _c[s.a.] ( _fTypographie Typ. Lacour) |
||
| 300 |
_a80 p. : _bil. ; _c30 cm. |
||
| 490 | 1 | _aRomans populaires illutrés | |
| 505 | 8 | _aContiene: Feu Bressier (pp.1-44); Une histoire invraisemblable (pp.45-71); Jobisme (pp. 72-80) | |
| 594 | _aDatos tomados de comienzos del texto. | ||
| 596 | _aImp. tomado del colofón. | ||
| 596 | _aProbablemente impreso entre 1850 y 1870. | ||
| 740 | 0 | _aJobisme. | |
| 740 | 4 | _aUne histoire invraisemblable. | |
| 830 | 0 |
_aRomans populaires illutrés _9221690 |
|
| 852 |
_aES-MaACL _jR-1715(9) _z-- Enc. hol. _z-- Enc. en un vol. facticio |
||
| 999 |
_c156561 _d156561 |
||